[Event "Southend op"]
[Site "London"]
[Date "2002.03.31"]
[Round "5"]
[White "Siegel, Maurice"]
[Black "Weighell, Mark"]
[Result "0-1"]
[WhiteElo "1736"]
[BlackElo "2138"]
[PlyCount "54"]
[EventDate "2002.03.29"]
[EventType "swiss"]
[EventRounds "7"]
[EventCountry "ENG"]
[SourceTitle "EXT 2006"]
[Source "ChessBase"]
[SourceDate "2005.11.24"]
[SourceVersion "1"]
[SourceVersionDate "2005.11.24"]
[SourceQuality "1"]

1. d4 Nf6 2. c4 e5 3. dxe5 Ng4 4. e4 Nxe5 5. f4 Nec6 6. Nf3 Bc5 7. a3 a5 8. Nc3 d6 9. h3 0-0 10. Bd3 Re8 11. Qc2 Nd7 12. Bd2 Nd4 13. Qd1 f5 14. Kf1 fxe4 15. Nxe4 Nf5 16. Nxc5 Ng3+ 17. Kg1 Nxc5 18. Bc3 Qe7 19. Bd4 Nxd3 20. Qxd3 Bf5 21. Qd2 Nxh1 22. Kxh1 h6 23. Re1 Qf7 24. Rxe8+ Rxe8 25. Qxa5 Be4 26. Qc3 Qxf4 27. Nd2 Bxg2+ 0-1